Extrovert verzus introvert: Ako ich vzdelávať a rozvíjať?

Aké formy štúdia preferujú extroverti a aké introverti.

Enregistré dans:
Détails bibliographiques
Auteur principal: Dubeňová, Katarína
Format: Chapitre de livre
Langue:slovaque
Sujets:
Tags: Ajouter un tag
Pas de tags, Soyez le premier à ajouter un tag!

MARC

LEADER 00000nla a2200000 4500
001 0168449
005 20240502072931.9
041 0 |a slo 
044 |a SK 
245 1 0 |a Extrovert verzus introvert: Ako ich vzdelávať a rozvíjať?  |c Katarína Dubeňová 
520 |a Aké formy štúdia preferujú extroverti a aké introverti. 
610 2 0 |a vzdelávanie 
610 2 0 |a pracovníci 
610 2 0 |a zamestnanci 
610 2 0 |a školenie odborné 
610 2 0 |a koučovanie 
610 2 0 |a psychológia 
100 1 |a Dubeňová, Katarína